Iosephi Innocentii Desericii Hvngari Nitriensis. Clerici Regvlaris E Scholis Piis Historia Episcopatvs Dioecesis Et Civitatis Vaciensis Vna Cvm Rebvs Synchronis Opvs Posthvmvm Accedit Episcoporvm Vaciensivm Catalogvs

Bibliographic Details
Main Author: Dežerický, Jozef Inocent, 1702-1765 (Author)
Other Authors: Eitzenberger, Ferenc Antal, 1700-1776 (Printer)
Format: Book
Language:Latin
PhysicalDescription:[4], 270, [2], 30, [1] s. 32 cm
Published: Pestini Typis, Francisci Antonii Eitzenberger, Civ. Typogr. [b.r.]
Subjects:

MARC

LEADER 00000nam a2200000 a 4500
001 vtls009494021
003 SK-MaSNL
005 20260301171244.0
008 210701 hu 000 0 lat
035 |a urn:nbn:sk:snk-am00fdro 
035 |a urn:nbn:sk:snk-am3iq88 
035 |a A18E6624-35DC-48E9-9488-F5ED6492CD93 
040 |a SNK  |b slo  |c SNK  |e AACR2 
041 0 |a lat 
044 |a hu  |c HU 
072 7 |a 93/94  |x Dejiny (všeobecne)  |2 konspekt 
080 |a 93/94  |2 2011 
100 1 |a Dežerický, Jozef Inocent,  |d 1702-1765  |4 aut  |9 389202 
245 1 |a Iosephi Innocentii Desericii Hvngari Nitriensis. Clerici Regvlaris E Scholis Piis Historia Episcopatvs Dioecesis Et Civitatis Vaciensis Vna Cvm Rebvs Synchronis Opvs Posthvmvm Accedit Episcoporvm Vaciensivm Catalogvs 
246 3 0 |a Historia Episcopatvs Dioecesis Et Civitatis Vaciensis Vna Cvm Rebvs Synchronis Opvs Posthvmvm Accedit Episcoporvm Vaciensivm Catalogvs 
260 |a Pestini  |b Typis, Francisci Antonii Eitzenberger, Civ. Typogr.  |c [b.r.] 
300 |a [4], 270, [2], 30, [1] s.  |c 32 cm 
501 |a Príväzok 1.: JASZAY, Josephus. Positiones Philosophico - Mathematicae... Pestini: Typis, Eitzenbergerianis, M.DCC.LXVII. (1767)  |5 SNK SB 27855/prív.1 
504 |a Poznámky pod textom 
508 |a Predslov 
650 0 7 |a dejiny  |2 SNKPH  |9 3825 
700 1 |a Eitzenberger, Ferenc Antal,  |d 1700-1776  |4 prt  |9 313622 
752 |a Maďarsko  |d Budapešť 
958 |a ONDV 
958 |a DD 
999 |c 830243  |d 832173 
952 |a SNK  |b SNK  |y PREZ  |7 0  |p 17A1397016  |o snkSB 27855  |i snkK 2470/72  |8 3  |0 0  |1 0  |4 0  |d 2009-04-21  |f 1  |l 0  |r 2025-04-01 00:00:00  |w 2026-02-24